000 00492nam a2200181Ia 4500
003 GCL
008 140319s9999 xx 000 0 ara d
040 _aGCL /
_cGCL
082 0 4 _a573
_bم ت
100 1 _aمحمد السيد غلاب
245 1 0 _aتطور الجنس البشرى /
_cمحمد السيد غلاب
300 _a413 ص
490 _a
650 0 4 _aالانسان
650 0 4 _aالسلالات البشرية
650 0 4 _aالانثربولوجيا
942 _2ddc
_cBK
999 _c38590
_d38590